Fearless Feminist; Autobiography of a Social Revolutionary (Record no. 10552)

MARC details
000 -LEADER
fixed length control field 00677nam a2200253 a 4500
020 ## - INTERNATIONAL STANDARD BOOK NUMBER
ISBN 8185194
082 00 - DEWEY DECIMAL CLASSIFICATION NUMBER
Classification number 305.40954
Author Cutter SUB4
100 ## - MAIN ENTRY--AUTHOR NAME
Author name Subbamma, Malladi
245 ## - TITLE STATEMENT
Title Fearless Feminist; Autobiography of a Social Revolutionary
260 ## - PUBLICATION, DISTRIBUTION, ETC. (IMPRINT)
Place of publication Hyderabad
Name of publisher Booklinks Corporation
Year of publication 1994
300 ## - PHYSICAL DESCRIPTION
Number of Pages 155p
500 ## - GENERAL NOTE
General note includes index and biblioraphy
505 2# - FORMATTED CONTENTS NOTE
Formatted contents note Bibliography, Index
650 ## - SUBJECT ADDED ENTRY--TOPICAL TERM
Topical Term Women-India
650 ## - SUBJECT ADDED ENTRY--TOPICAL TERM
Topical Term Malladi Subbamma
942 ## - ADDED ENTRY ELEMENTS (KOHA)
Koha item type Books
700 1# -
-- Subbamma, Malladi
Holdings
Collection code Home library Current library Date acquired Cost, normal purchase price Full call number Accession Number Koha item type
  Henry Martyn Institute Library Henry Martyn Institute Library 03/23/2007 150.00 305.40954 SUB4 018044 Books
                   Copyright © 2026 | Henry Martyn Institute | Hyderabad | TS-500052 | INDIA | Implemented by hmi.edu.in
Hit-Count:

Powered by Koha